Народ и власть в русской истории (Запис № 377380)

МАРК-запис
000 -Лідер
fixed length control field 00645nam a22002297a 4500
001 - Контрольний номер
control field 91113
003 - Ідентифікатор контрольного номера
control field UA-OsUOA
005 - Дата та час останнього входження (трансакції)
control field 20211016143124.0
007 - Фіксоване поле фізичного опису
fixed length control field ta
008 - Елементи даних фіксованої довжини – загальна інформація
fixed length control field 20121122b un ||||| |||| 00| 0 ukr d
040 ## - Джерело каталогізації
Агенція оригінальної каталогізації UA-OsUOA
Мова каталогізації rus
Агенція, яка здійснювала перезапис UA-OsUOA
Агенція, яка здійснювала модифікацію UA-OsUOA
041 ## - Код мови
Код мови тексту/ звукової доріжки чи окремого заголовка (П) rus
080 ## - Індекс Універсальної десяткової класифікації
Індекс Універсальної десяткової класифікації (УДК) (НП) 94(470+570):32
090 ## - Локальний шифр розміщення
Класифікаційний індекс УДК 94(470+570):32
Авторський знак (НП) М19
100 ## - Основне введення – ім’я особи
Ім’я особи (НП) Малиновский И. А.
245 ## - Відомості про назву
Назва (НП) Народ и власть в русской истории
Дані про відповідальність (НП) под ред. Попелюшка В. А.
260 ## - Публікація, розповсюдження і т.п. (Вихідні дані)
Місце публікації, розповсюдження і т.п. (П) Острог
Ім’я/ наймення видавництва, розповсюджувача і т.п. (П) НаУОА
Дата публікації, розповсюдження і т.п. (П) 2012
300 ## - Фізичний опис
Обсяг 92 с.
650 #7 - Додаткове предметне введення – тематичний термін
Тематичний термін чи географічна назва, як елемент введення (НП) 94 Історія
Джерело заголовка чи терміна UDC
942 ## - Додаткові елементи входу (Коха)
Тип елемента Koha Книги
Source of classification or shelving scheme Universal Decimal Classification
955 ## - Код типу видання за змістом
Код типу видання за змістом (НП) Наукові видання
Фонди
Стан вилучень Стан втрат Джерело класифікації або схеми стелажів Стан уражень Не для кредиту Постійне місце розташування Поточне розміщення Дата придбання Джерело придбання Вартість, звичайна ціна покупки Інвентарний номер Усього замовленно Повний номер виклику Штрих-код Дата останнього перегляду Ціна ефективна від Тип елемента Koha
    Universal Decimal Classification     ЧЗ - Читальна зала ЧЗ - Читальна зала 22/11/2012 70/2012 8.00 140824   94(470+570):32 М19 140824 07/02/2022 22/11/2012 Книги
    Universal Decimal Classification     ЧЗ - Читальна зала ЧЗ - Читальна зала 04/12/2012 74/2012 8.00 140880   94(470+570):32 М19 140880 07/02/2022 22/11/2012 Книги
    Universal Decimal Classification     ЧЗ - Читальна зала ЧЗ - Читальна зала 04/12/2012 74/2012 8.00 140881   94(470+570):32 М19 140881 07/02/2022 22/11/2012 Книги